| 000 | 01581cam a2200445 4500 | ||
|---|---|---|---|
| 003 | PE-LiUPU | ||
| 005 | 20250731173134.0 | ||
| 020 | _a0816310394 | ||
| 035 | _a(Sirsi) i9780816310395 | ||
| 035 | _a(Sirsi) 27963 | ||
| 035 | _a(Sirsi) 27963 | ||
| 041 | _aen | ||
| 044 | _aus | ||
| 082 | 0 | 4 |
_a286.7 _bW35 |
| 100 | 1 |
_aWeber, Martin _d1951- |
|
| 245 | 1 | 0 |
_aAdventist hot potatoes / _cMartin Weber. |
| 264 | 1 |
_aBoise, Idaho : _bPacific Press Publishing Association, _c1991 |
|
| 300 |
_a125 páginas ; _c20 cm. |
||
| 504 | _aIncluye referencia bibliográficas | ||
| 505 | 0 | _aLegalists versus liberals -- Dare we celebrate? -- Salvation on standby -- Standards that ring true -- The pantry patrol -- Sister stern -- Confronting khomeini christians -- Day of wrest and sadness? -- God of loving wrath -- What about Ellen White? -- Is the church going through?. | |
| 521 | _aProfesores y estudiantes de posgrado | ||
| 526 | _aSEG42 | ||
| 526 | _aSEG41 | ||
| 526 | _aSEG40 | ||
| 526 | _aSEG39 | ||
| 526 | _aP94 | ||
| 526 | _aP87 | ||
| 526 | _aP86 | ||
| 526 | _aP85 | ||
| 526 | _aP77 | ||
| 526 | _aP76 | ||
| 526 | _aP35 | ||
| 650 | 1 | 4 |
_aAdventistas del Séptimo Día _xDoctrinas. |
| 942 |
_2ddc _cBOOK |
||
| 949 |
_a286.7 W35 _i52210 _lPOSTGRADO _mBUL _tLIBRO _o.STAFF. Posgrado |
||
| 910 |
_aaj _bdr _cop _d20030709 |
||
| 596 | _a1 | ||
| 999 |
_a286.7 W35 _wDEWEY _c34021 _i52210 _f2021-11-11 _g5 _lCCODEBUL1 _mBUL _p8.00 _r0 _sY _tBOOK _u2015-6-24 _xTEOLOGIA _PP35 _0COMPRA _o.STAFF. Colección General _d34021 |
||
| 980 |
_81 _gALBERTO SANCHEZ Responsable de Automatización |
||